000 00516nam a2200169Ia 4500
999 _c22317
_d22317
003 OSt
005 20200520131135.0
008 190216s9999||||xx |||||||||||||| ||und||
040 _coclc
082 _a956
_bALI/A
100 _aAli, V Mohammed
_91954
245 0 _aArabisahithyam /
_cV Mohammed Ali
260 _bKerala Bhasha Institute,
_c1990.
_aThiruvananthapuram:
300 _a364p
650 0 _aHistory & geography
_92271
_vIslamic History
942 _cBK
_2ddc
_h956
_iALI/A
_k956
_mALI/A